[Event "East Lansing (MOR/5/19)"]
[Site "?"]
[Date "1993.??.??"]
[Round "?"]
[White "Distefano, R."]
[Black "Griffin, John"]
[Result "1-0"]
[WhiteElo "1605"]
[BlackElo "1605"]
[PlyCount "55"]
[EventDate "1993.??.??"]

{5/(19)} 1. e4 c5 2. Nf3 Nc6 3. d4 cxd4 4. Nxd4 Nf6 5. Nc3 e5 6. Nb3 Bb4 7. Bd2
O-O 8. Bd3 a6 9. a3 Bxc3 10. Bxc3 d5 11. exd5 Nxd5 12. Bd2 Re8 13. O-O Qf6 14.
Be4 Nde7 15. f4 Qd6 16. fxe5 Qxe5 17. Qf3 f5 18. Bc3 Qe6 19. Bd3 Ne5 20. Bxe5
Qxe5 21. Rab1 Rf8 22. Rfe1 Qc7 23. Re2 Bd7 24. Rxe7 Rae8 25. Qd5+ Be6 26. Qxe6+
Kh8 27. Rxe8 Rxe8 28. Qxe8# 1-0

[Event "East Lansing (MOR/4/18)"]
[Site "?"]
[Date "1993.??.??"]
[Round "?"]
[White "Distefano, R."]
[Black "Choyke, J."]
[Result "1-0"]
[WhiteElo "1605"]
[BlackElo "1660"]
[PlyCount "55"]
[EventDate "1993.??.??"]

{4/(18)} 1. e4 Nc6 2. Nf3 d6 3. Bb5 a6 4. Ba4 Bg4 5. Bxc6+ bxc6 6. O-O Nf6 7.
Re1 e5 8. c3 c5 9. d3 Be7 10. h3 Bd7 11. Nbd2 O-O 12. Nf1 g6 13. Ne3 Re8 14.
Nc2 Nh5 15. d4 cxd4 16. cxd4 f6 17. dxe5 fxe5 18. Qd5+ Kg7 19. Qd2 h6 20. Qxh6+
Kf7 21. Qh7+ Ng7 22. Qh6 Rh8 23. Qd2 Qc8 24. Ng5+ Bxg5 25. Qxg5 Nh5 26. Re3 Qd8
27. Qxd8 Raxd8 28. Rf3+ 1-0

[Event "Troy (TCC/DEU/4/10)"]
[Site "?"]
[Date "1993.??.??"]
[Round "?"]
[White "Demers, J."]
[Black "Dowswell, A."]
[Result "1-0"]
[WhiteElo "1605"]
[BlackElo "1605"]
[PlyCount "113"]
[EventDate "1993.??.??"]

{4/(10)} 1. e4 e5 2. Nf3 Nc6 3. Nc3 Bc5 4. Nxe5 Nxe5 5. d4 Bxd4 6. Qxd4 d6 7.
f4 Qh4+ 8. g3 Nf3+ 9. Kf2 Nxd4 10. gxh4 Nf6 11. Bd3 O-O 12. Rg1 Nh5 13. Be3 Ne6
14. f5 Nef4 15. Bxf4 Nxf4 16. Rg3 c6 17. Kf3 Nxd3 18. cxd3 d5 19. f6 dxe4+ 20.
dxe4 g6 21. h5 Be6 22. Rag1 Rfd8 23. Kf4 Rd4 24. Ke5 Rd2 25. hxg6 hxg6 26. R1g2
Rxg2 27. Rxg2 Re8 28. Kf4 b5 29. b4 Rd8 30. Ke3 Bc4 31. Rg3 Rd3+ 32. Kf4 Rd2
33. h4 Rf2+ 34. Ke5 Rh2 35. Rg4 Be6 36. Rf4 Rg2 37. Kd6 Rd2+ 38. Kxc6 Bd7+ 39.
Kb7 Rc2 40. Kc7 Be6 41. Rf3 Bxa2 42. Kb7 Be6 43. Kxa7 Bc4 44. Kb6 Rd2 45. Nxb5
Ra2 46. Kc5 Be6 47. Rg3 Rh2 48. Nd6 Rxh4 49. b5 Rh5+ 50. Kc6 g5 51. b6 g4 52.
b7 Ra5 53. b8=Q+ Kh7 54. Nf5 Ra6+ 55. Kc7 Bxf5 56. exf5 Rxf6 57. Qb3 1-0

[Event "Troy (TCC/DEU/5/7)"]
[Site "?"]
[Date "1993.??.??"]
[Round "?"]
[White "Demers, J."]
[Black "Bensek, A."]
[Result "0-1"]
[WhiteElo "1605"]
[BlackElo "1605"]
[PlyCount "116"]
[EventDate "1993.??.??"]

{5/(7)} 1. e4 c5 2. d4 cxd4 3. Qxd4 Nc6 4. Qe3 e5 5. Nc3 Nf6 6. Nf3 Bb4 7. Bd2
d5 8. exd5 Nxd5 9. Nxd5 Qxd5 10. Bxb4 Nxb4 11. Bd3 f6 12. O-O O-O 13. a3 Nxd3
14. cxd3 Bf5 15. Rfd1 Rad8 16. Ne1 b6 17. h3 Rd7 18. Rd2 e4 19. d4 Bg6 20. Nc2
Qg5 21. Qxg5 fxg5 22. Ne3 h5 23. Nc4 Re7 24. Ne5 Rf6 25. Re1 a5 26. Nxg6 Rxg6
27. Re3 g4 28. hxg4 Rxg4 29. f3 Rf4 30. Kf2 g5 31. g3 Rxf3+ 32. Rxf3 exf3 33.
Kxf3 Kf7 34. Re2 Rxe2 35. Kxe2 Ke6 36. Kd3 Kd5 37. b3 b5 38. Ke3 h4 39. g4 h3
40. Kf3 h2 41. Kg2 h1=Q+ 42. Kxh1 Kxd4 43. Kg2 Ke4 44. Kg3 b4 45. axb4 axb4 46.
Kf2 Kf4 47. Ke2 Kxg4 48. Kf2 Kf4 49. Ke2 Kg3 50. Kd3 Kf3 51. Kc4 g4 52. Kxb4 g3
53. Ka4 g2 54. b4 g1=Q 55. b5 Qb6 56. Kb4 Ke4 57. Kc4 Ke5 58. Kb4 Kd5 0-1

[Event "Troy (TCC/DEU/1a/5)"]
[Site "?"]
[Date "1993.??.??"]
[Round "?"]
[White "Demers, J."]
[Black "Bannister, K."]
[Result "0-1"]
[WhiteElo "1605"]
[BlackElo "1605"]
[PlyCount "118"]
[EventDate "1993.??.??"]

1. e4 c5 2. d4 cxd4 3. Qxd4 Nc6 4. Qe3 Qc7 5. Nc3 d6 6. Nf3 Nf6 7. Bc4 g6 8.
Ng5 e6 9. O-O Bg7 10. a3 O-O 11. Bd2 Bd7 12. Rfe1 Rfe8 13. Nb5 Qb8 14. Qg3 Ne5
15. Be2 a6 16. Nc3 b5 17. b4 Bc6 18. Bf4 Nc4 19. Bxc4 bxc4 20. Bxd6 Qb7 21.
Rad1 Nh5 22. Qe3 Bh6 23. Qc5 Rac8 24. Qxc4 Bxg5 25. f4 Bh6 26. Be5 Bg7 27. Bxg7
Nxg7 28. Rd6 Bb5 29. Qd4 Rc7 30. Nxb5 axb5 31. c3 Qa7 32. Qxa7 Rxa7 33. Ra1 Rb8
34. Kf2 Ne8 35. Rc6 Nf6 36. Kf3 Rd7 37. e5 Nd5 38. h4 Ne7 39. Rc5 Rd3+ 40. Ke2
Rd5 41. Rxd5 Nxd5 42. Kd2 Nxf4 43. g3 Nd5 44. Kd3 Rd8 45. a4 Nxb4+ 46. Ke4 Nc2
47. Ra2 bxa4 48. Rxc2 Kf8 49. Ra2 Ra8 50. g4 Ke7 51. Kd4 Kd7 52. c4 Kc6 53. c5
Ra5 54. Kc4 Rxc5+ 55. Kb4 Rxe5 56. Rxa4 Re4+ 57. Kb3 Rxa4 58. Kxa4 Kd5 59. Kb5
e5 0-1

[Event "Flint (Class A/5)"]
[Site "?"]
[Date "1993.??.??"]
[Round "?"]
[White "Decker, Dale"]
[Black "Wisckol, Richard"]
[Result "1/2-1/2"]
[WhiteElo "1875"]
[BlackElo "1800"]
[PlyCount "103"]
[EventDate "1993.??.??"]

1. e4 c5 2. c3 d6 3. d4 cxd4 4. cxd4 Nf6 5. Nc3 g6 6. Nf3 Bg7 7. Be3 O-O 8. Be2
a6 9. O-O Bd7 10. h3 h6 11. Rc1 Kh7 12. a3 Ng8 13. e5 Nc6 14. exd6 exd6 15. Ne4
Bf5 16. Ng3 Nge7 17. Nh4 Be6 18. Nf3 Nd5 19. Bd3 Nxe3 20. fxe3 Qa5 21. Ne4 Rad8
22. Nc3 Ne7 23. Bc2 Nf5 24. Bxf5 Bxf5 25. e4 Bd7 26. Rf2 f5 27. e5 dxe5 28.
dxe5 Bxe5 29. b4 Qc7 30. Nd5 Qd6 31. Nxe5 Qxe5 32. Re2 Qg7 33. Rc7 Rf7 34. Rd2
Re8 35. Rxb7 Bc6 36. Rxf7 Qxf7 37. Nf4 Qa7+ 38. Kh1 Qc7 39. Nd5 Bxd5 40. Rxd5
Re7 41. Rc5 Qg3 42. Rc1 Qxa3 43. Rb1 Qc3 44. Qd6 Re1+ 45. Rxe1 Qxe1+ 46. Kh2
Qe2 47. Qf6 Qc4 48. Qe7+ Kg8 49. Qe8+ Kg7 50. Qe7+ Qf7 51. Qd6 Qb7 52. Qe5+
1/2-1/2

[Event "Flint (Class A/3)"]
[Site "?"]
[Date "1993.??.??"]
[Round "?"]
[White "Decker, Dale"]
[Black "Garrison, Ray"]
[Result "1/2-1/2"]
[WhiteElo "1875"]
[BlackElo "1855"]
[PlyCount "122"]
[EventDate "1993.??.??"]

1. e4 e6 2. d3 d5 3. Nd2 b6 4. g3 dxe4 5. dxe4 Bb7 6. Bg2 f5 7. Nh3 Nf6 8. O-O
Be7 9. exf5 Bxg2 10. Kxg2 Qd5+ 11. Qf3 exf5 12. Nf4 Qxf3+ 13. Nxf3 g6 14. Re1
Nc6 15. Ne6 Kd7 16. Bf4 Bd6 17. Rad1 Ne4 18. Neg5 Nxg5 19. Nxg5 Rae8 20. Rxe8
Rxe8 21. Nxh7 Kc8 22. Bxd6 Rd8 23. Rd2 cxd6 24. Ng5 d5 25. c3 b5 26. a3 Ne5 27.
h4 a5 28. Ne6 Nc4 29. Nxd8 Nxd2 30. Nc6 Nc4 31. Ne7+ Kd7 32. Nxd5 Nxb2 33. Ne3
Nd3 34. Kf3 Ke6 35. Ke2 Nc5 36. Nc2 Kd5 37. Ne3+ Ke5 38. f3 f4 39. Ng4+ Kf5 40.
Nh6+ Ke5 41. g4 Na4 42. Kd2 Nb2 43. Nf7+ Ke6 44. Ng5+ Ke5 45. Kc2 Nc4 46. h5
gxh5 47. gxh5 Kf5 48. h6 Kg6 49. h7 Kg7 50. Ne6+ Kxh7 51. Nxf4 Nxa3+ 52. Kb3
Nc4 53. Nd5 Kg6 54. Ne7+ Kf6 55. Nc6 a4+ 56. Ka2 Nd6 57. Nd4 Ke5 58. Nxb5 Nxb5
59. c4 Nc3+ 60. Ka3 Kd4 61. Kb4 a3 1/2-1/2

[Event "East Lansing (MOR/7/42)"]
[Site "?"]
[Date "1993.??.??"]
[Round "?"]
[White "DeVoll, J."]
[Black "Woods, I."]
[Result "1-0"]
[WhiteElo "1605"]
[BlackElo "1605"]
[PlyCount "51"]
[EventDate "1993.??.??"]

{7/(42)} 1. d4 d5 2. Nf3 Nf6 3. e3 g6 4. Bd3 Bg7 5. Nbd2 O-O 6. e4 dxe4 7. Nxe4
e6 8. O-O Nbd7 9. Re1 c5 10. c3 Nxe4 11. Bxe4 cxd4 12. Nxd4 Nf6 13. Bf3 Re8 14.
Bf4 Nd5 15. Bd2 e5 16. Nc2 b6 17. c4 e4 18. Bxe4 Nc7 19. Bxa8 Rxe1+ 20. Qxe1
Nxa8 21. Qc1 Qh4 22. Ne1 Be5 23. Nf3 Bxh2+ 24. Nxh2 Bb7 25. Bh6 Qxh6 26. Qxh6
1-0

[Event "East Lansing (MOR/3/41)"]
[Site "?"]
[Date "1993.??.??"]
[Round "?"]
[White "DeVoll, J."]
[Black "Rostrom, Richard"]
[Result "0-1"]
[WhiteElo "1605"]
[BlackElo "1605"]
[PlyCount "36"]
[EventDate "1993.??.??"]

{3/(41)} 1. d4 Nf6 2. Nf3 g6 3. g3 Bg7 4. Bg2 O-O 5. c4 c6 6. Nc3 d5 7. O-O Re8
8. Re1 Nbd7 9. e4 dxe4 10. Nxe4 Nb6 11. b3 Nxe4 12. Rxe4 Bf5 13. Re1 Nd7 14.
Nh4 e5 15. Nxf5 gxf5 16. dxe5 Rxe5 17. Rxe5 Nxe5 18. Rb1 Qxd1+ 0-1

[Event "East Lansing (MOR/5/43)"]
[Site "?"]
[Date "1993.??.??"]
[Round "?"]
[White "DeVoll, J."]
[Black "Rosebrook, G."]
[Result "0-1"]
[WhiteElo "1605"]
[BlackElo "1605"]
[PlyCount "96"]
[EventDate "1993.??.??"]

{5/(43)} 1. d4 Nf6 2. Nf3 g6 3. g3 Bg7 4. Bg2 O-O 5. c4 d6 6. Nc3 Re8 7. O-O e5
8. e4 Nbd7 9. Bg5 h6 10. Be3 a6 11. a4 Rb8 12. Re1 b6 13. Qd2 Ng4 14. d5 Nxe3
15. Qxe3 Nc5 16. Nd2 Qg5 17. Qxg5 hxg5 18. Re3 Bh6 19. Bf1 g4 20. f4 gxf3 21.
Rxf3 Bxd2 22. Rf2 Be3 23. b4 Bxf2+ 24. Kxf2 Nd7 25. Ke3 Nf6 26. h3 Kg7 27. Bg2
Rh8 28. g4 Nh7 29. Rh1 a5 30. bxa5 bxa5 31. Nb5 Rb7 32. Rf1 Ng5 33. Rh1 Bd7 34.
Rh2 c6 35. dxc6 Bxc6 36. Rh1 Rd8 37. Rd1 Rbd7 38. h4 Ne6 39. g5 Bxb5 40. cxb5
Nc5 41. Bh3 Rb7 42. Ra1 Nb3 43. Ra3 Nd4 44. Rc3 Rh8 45. Rc1 Rxh4 46. Rh1 Rf4
47. Bg2 Rg4 48. Rf1 Rxg2 0-1

[Event "Troy (TCC/DEU/3/12)"]
[Site "?"]
[Date "1993.??.??"]
[Round "?"]
[White "DeVoll, J."]
[Black "McNamara, Ron"]
[Result "1-0"]
[WhiteElo "1605"]
[BlackElo "1605"]
[PlyCount "97"]
[EventDate "1993.??.??"]

{3/(12)} 1. d4 f5 2. Nf3 Nf6 3. e3 b6 4. Bd3 e6 5. Nbd2 Bb7 6. O-O c5 7. c3 Qc7
8. Re1 Bd6 9. b3 cxd4 10. cxd4 Qc3 11. Nc4 Bxf3 12. Nxd6+ Ke7 13. Qxf3 Qxe1+
14. Bf1 Nc6 15. Nxf5+ exf5 16. Ba3+ Qb4 17. Bxb4+ Nxb4 18. Qxf5 Rac8 19. f4 Nc2
20. Rd1 Kf7 21. Bc4+ Rxc4 22. bxc4 Nxe3 23. Qd3 Nxd1 24. Qxd1 Re8 25. Qb3 Ng4
26. c5+ Kf6 27. Qg3 Kf5 28. h3 Re3 29. Qxg4+ Ke4 30. Qxd7 Kxf4 31. d5 bxc5 32.
d6 c4 33. Qf7+ Kg3 34. Qxg7+ Kf4 35. Qd4+ Re4 36. Qf6+ Ke3 37. d7 Rd4 38. Qg5+
Kd3 39. d8=Q Rxd8 40. Qxd8+ Kc2 41. Kf1 c3 42. Qa5 Kd2 43. g4 Kd3 44. Ke1 Kc2
45. Qa4+ Kc1 46. Qa3+ Kc2 47. Qb3+ Kd3 48. Kd1 a5 49. g5 1-0

[Event "Troy (TCC/DEU/2/13)"]
[Site "?"]
[Date "1993.??.??"]
[Round "?"]
[White "DeVoll, J."]
[Black "Bensek, R."]
[Result "1/2-1/2"]
[WhiteElo "1605"]
[BlackElo "1605"]
[PlyCount "120"]
[EventDate "1993.??.??"]

{2/(13)} 1. d4 Nf6 2. Nf3 d5 3. e3 g6 4. c4 c6 5. Nc3 e6 6. a3 Bg7 7. g3 Nbd7
8. Bg2 Nb6 9. c5 Nbd7 10. O-O h5 11. Qc2 Qc7 12. e4 b6 13. e5 Ng4 14. h3 Nh6
15. b4 a5 16. Bb2 Nf5 17. Ne2 Ba6 18. Ng5 h4 19. Rfe1 Qd8 20. Nf3 Bxe2 21. Qxe2
hxg3 22. fxg3 Nxg3 23. Qf2 Ne4 24. Qc2 b5 25. Nd2 Nxd2 26. Qxd2 Qh4 27. Qf2 Qg5
28. Bc1 Qe7 29. Rf1 axb4 30. Bg5 Qf8 31. axb4 Rb8 32. Ra2 Rh5 33. Qf4 Bh6 34.
Bxh6 Rxh6 35. Rfa1 Kd8 36. Ra8 Kc8 37. Qc1 Rxa8 38. Rxa8+ Nb8 39. Qa3 Qe7 40.
Ra7 Qd8 41. Ra8 Qe7 42. Qa5 Qc7 43. Qa3 Rh4 44. Ra7 Qd8 45. Ra8 Qc7 46. Ra7 Qd8
47. Ra8 Qe7 48. Ra7 Qd8 49. Ra8 Qc7 50. Ra7 Qd8 51. Ra8 Qe7 52. Ra7 Qg5 53. Ra8
Qe7 54. Ra7 Qd8 55. Ra8 Qc7 56. Ra7 Qd8 57. Ra8 Qe7 58. Ra7 Qg5 59. Ra8 Qe7 60.
Ra7 Qd8 1/2-1/2

[Event "Eastpointe (MI Action/4/15)"]
[Site "?"]
[Date "1993.??.??"]
[Round "?"]
[White "Davis, Victor"]
[Black "Ifill, Don"]
[Result "0-1"]
[WhiteElo "1605"]
[BlackElo "1800"]
[PlyCount "42"]
[EventDate "1993.??.??"]

{4/(15)} 1. e4 g6 2. d4 Bg7 3. f4 d6 4. Nf3 Nd7 5. c4 b6 6. Nc3 Bb7 7. Bd3 a6
8. b3 c5 9. Be3 Qc7 10. O-O Ngf6 11. Qc2 O-O 12. Ne2 Ng4 13. Bd2 cxd4 14. Nfxd4
Nc5 15. h3 Nf6 16. Ng3 Rac8 17. b4 Nxd3 18. Qxd3 Qxc4 19. Rf3 Nxe4 20. Nxe4
Bxd4+ 21. Nf2 Bxa1 0-1

[Event "Ann Arbor (HVA/5/19)"]
[Site "?"]
[Date "1993.??.??"]
[Round "?"]
[White "Davis, Ralph"]
[Black "Williams, C."]
[Result "0-1"]
[WhiteElo "1605"]
[BlackElo "1605"]
[PlyCount "62"]
[EventDate "1993.??.??"]

{5/(19)} 1. d4 f5 2. g3 Nf6 3. Bg2 g6 4. Nf3 Bg7 5. c4 d6 6. Nc3 O-O 7. O-O Qe8
8. Bg5 Nbd7 9. Qd2 e5 10. Bh6 f4 11. Bxg7 Kxg7 12. dxe5 dxe5 13. e3 fxg3 14.
hxg3 Nc5 15. Ng5 h6 16. Nge4 Ncxe4 17. Nxe4 Qe7 18. Nxf6 Qxf6 19. b4 c6 20. a4
Be6 21. c5 Rad8 22. Qb2 Rd7 23. f4 Rfd8 24. fxe5 Qg5 25. Rf3 Rd2 26. Qc1 Bg4
27. Rf1 Qxe3+ 28. Kh1 Qe2 29. Rg1 Bf3 30. Qf1 Bxg2+ 31. Qxg2 Qh5+ 0-1

[Event "East Lansing (MOR/2/15)"]
[Site "?"]
[Date "1993.??.??"]
[Round "?"]
[White "Davis, Ralph"]
[Black "Sundeen, David"]
[Result "1-0"]
[WhiteElo "1605"]
[BlackElo "1695"]
[PlyCount "53"]
[EventDate "1993.??.??"]

{2/(15)} 1. d4 Nf6 2. Nf3 g6 3. Bf4 Bg7 4. e3 O-O 5. Nbd2 d6 6. c3 Nbd7 7. Qc2
c5 8. Be2 Qc7 9. h4 cxd4 10. exd4 Nh5 11. Be3 Nhf6 12. Ng5 e5 13. h5 Nd5 14.
hxg6 Nxe3 15. gxf7+ Rxf7 16. Qxh7+ Kf8 17. Ne6+ Ke7 18. Nxc7 Nf6 19. fxe3 Nxh7
20. Nxa8 Nf6 21. Nc7 a6 22. Bc4 Rf8 23. Nd5+ Nxd5 24. Bxd5 exd4 25. exd4 b5 26.
O-O-O Rf6 27. Rh7 1-0

[Event "Ann Arbor (HVA/1/14)"]
[Site "?"]
[Date "1993.??.??"]
[Round "?"]
[White "Davis, Ralph"]
[Black "Pope, Nick"]
[Result "0-1"]
[WhiteElo "1605"]
[BlackElo "1805"]
[PlyCount "74"]
[EventDate "1993.??.??"]

{1/(14)} 1. d4 d5 2. Nf3 Bf5 3. e3 Nf6 4. Nbd2 e6 5. c3 Be7 6. Be2 O-O 7. O-O
Nbd7 8. h3 c5 9. Ne5 Nxe5 10. dxe5 Nd7 11. Nf3 Qc7 12. Qb3 c4 13. Qd1 Nxe5 14.
Nxe5 Qxe5 15. f4 Qe4 16. Bf3 Qc2 17. Qxc2 Bxc2 18. Re1 Bh4 19. Re2 Bd3 20. Rd2
f5 21. b3 Be1 22. Rxd3 cxd3 23. Ba3 Bxc3 24. Rd1 Rfc8 25. Rxd3 Ba5 26. Bd1 Rc3
27. Rxc3 Bxc3 28. Kf2 b5 29. Bc5 a6 30. g4 Rc8 31. Bd6 Kf7 32. gxf5 exf5 33.
Bf3 Ke6 34. Ba3 b4 35. Bc1 Bf6 36. Bd2 Rc2 37. Ke2 Bc3 0-1

[Event "Ann Arbor (HVA/4/16)"]
[Site "?"]
[Date "1993.??.??"]
[Round "?"]
[White "Davis, Ralph"]
[Black "McGrath, Michael"]
[Result "0-1"]
[WhiteElo "1605"]
[BlackElo "1660"]
[PlyCount "115"]
[EventDate "1993.??.??"]

{4/(16)} 1. d4 d6 2. Nf3 f5 3. g3 Nf6 4. Bg2 e6 5. c4 g6 6. Nc3 Bg7 7. Bg5 O-O
8. O-O h6 9. Bd2 Qe8 10. Nb5 Na6 11. Ba5 Qe7 12. Rc1 e5 13. dxe5 dxe5 14. Qb3
c5 15. Bc3 Ne4 16. Rfd1 Nxc3 17. Nxc3 Nc7 18. Nd5 Nxd5 19. cxd5 Qd6 20. e3 a6
21. Nd2 b5 22. a4 Bd7 23. axb5 axb5 24. Qc2 Rfc8 25. e4 c4 26. Rb1 Rab8 27.
Rdc1 Rb7 28. Qd1 Rbc7 29. Ra1 b4 30. Bf1 c3 31. bxc3 bxc3 32. Nb3 fxe4 33. Ra6
Qb4 34. Rxg6 c2 35. Qh5 Qxb3 36. Qxe5 Qc3 37. Qxe4 Qb2 38. Qe3 Kh7 39. Bd3 Kh8
40. Rxh6+ Bxh6 41. Qxh6+ Kg8 42. Bh7+ Kf7 43. Bg6+ Ke7 44. Re1+ Kd6 45. Bxc2+
Kxd5 46. Be4+ Kc4 47. Qa6+ Kb4 48. Rb1 Rc1+ 49. Kg2 Rxb1 50. Bxb1 Bc6+ 51. Kh3
Rh8+ 52. Kg4 Qd4+ 53. Kg5 Qe5+ 54. Kg4 Qe6+ 55. Kf4 Rf8+ 56. Kg5 Qf6+ 57. Kg4
Qg7+ 58. Kh4 0-1

[Event "Ann Arbor (HVA/2/17)"]
[Site "?"]
[Date "1993.??.??"]
[Round "?"]
[White "Davis, Ralph"]
[Black "Harlan, K."]
[Result "0-1"]
[WhiteElo "1605"]
[BlackElo "1740"]
[PlyCount "78"]
[EventDate "1993.??.??"]

{2/(17)} 1. d4 Nf6 2. Nf3 e6 3. e3 b6 4. Bd3 Bb7 5. c4 c5 6. O-O Qc7 7. Ne5 d6
8. Qa4+ Nbd7 9. Nxd7 Qxd7 10. Qc2 Qc6 11. f3 cxd4 12. exd4 d5 13. Qb3 dxc4 14.
Bxc4 a6 15. Bg5 Be7 16. Nc3 h6 17. Bxf6 Bxf6 18. Rad1 O-O 19. d5 Qc5+ 20. Kh1
Bxc3 21. dxe6 Bf6 22. Rd7 b5 23. exf7+ Kh8 24. Bd5 Bxd5 25. Rxd5 Qc7 26. Qe3
Qxf7 27. Qb3 Qc7 28. Qb4 Rac8 29. Qd2 Qc2 30. b3 Rfe8 31. Qa5 Qe2 32. Rfd1 Bc3
33. Qb6 Rc6 34. Qa7 Rg6 35. Qg1 Qxa2 36. h3 Re2 37. g4 Rge6 38. Rf1 Rc2 39. Qg3
Ree2 0-1

[Event "East Lansing (MOR/3/9)"]
[Site "?"]
[Date "1993.??.??"]
[Round "?"]
[White "Davis, Ralph"]
[Black "Collins, Charles"]
[Result "1-0"]
[WhiteElo "1605"]
[BlackElo "1700"]
[PlyCount "49"]
[EventDate "1993.??.??"]

{3/(9)} 1. d4 Nf6 2. Nf3 d6 3. c3 g6 4. Bf4 Bg7 5. e3 Nbd7 6. Nbd2 c5 7. Be2
O-O 8. Qc2 cxd4 9. exd4 Re8 10. h4 e5 11. dxe5 dxe5 12. Bg3 b6 13. O-O-O e4 14.
Ng5 e3 15. Nc4 exf2 16. Bxf2 h6 17. Nxf7 Kxf7 18. Nd6+ Kf8 19. Nxe8 Qxe8 20.
Rhe1 Qf7 21. b3 b5 22. Bd3 Bb7 23. Bxg6 Qg8 24. Qf5 Rd8 25. Bc5+ 1-0

[Event "East Lansing (MOR/5/13)"]
[Site "?"]
[Date "1993.??.??"]
[Round "?"]
[White "Davis, Ralph"]
[Black "Boyle, John"]
[Result "0-1"]
[WhiteElo "1605"]
[BlackElo "1605"]
[PlyCount "32"]
[EventDate "1993.??.??"]

{5/(13)} 1. d4 d5 2. Nf3 Nf6 3. c3 e6 4. e3 Bd6 5. Bd3 Nbd7 6. Nbd2 c5 7. O-O
b6 8. Qc2 Bb7 9. e4 dxe4 10. Nxe4 Nxe4 11. Bxe4 Bxe4 12. Qxe4 O-O 13. Be3 Nf6
14. Qd3 cxd4 15. Bg5 dxc3 16. Bxf6 Bxh2+ 0-1

[Event "Ann Arbor (HVA/1/6)"]
[Site "?"]
[Date "1993.??.??"]
[Round "?"]
[White "Davis, Michael"]
[Black "Potter, George"]
[Result "1-0"]
[WhiteElo "1605"]
[BlackElo "1865"]
[PlyCount "105"]
[EventDate "1993.??.??"]

{1/(6)} 1. e4 e5 2. Nf3 Nc6 3. Bb5 a6 4. Ba4 Nf6 5. O-O d6 6. Re1 Be7 7. h3 O-O
8. c3 Bd7 9. d4 exd4 10. cxd4 Re8 11. Bc2 h6 12. Nc3 Bf8 13. e5 Nh7 14. Bxh6
gxh6 15. Qd3 f5 16. Bb3+ Kh8 17. e6 Bc8 18. d5 Ne7 19. Nh4 Bg7 20. Ne2 Rf8 21.
Nf4 Qe8 22. Bd1 Kg8 23. Bh5 Qb5 24. Qg3 Ng5 25. Nhg6 Re8 26. h4 Ne4 27. Nxe7+
Rxe7 28. Rxe4 fxe4 29. Ng6 Qe8 30. Nxe7+ Qxe7 31. Re1 c6 32. Rxe4 cxd5 33. Bf7+
Kh8 34. Rg4 Qf6 35. Rg6 Qxg6 36. Qxg6 b5 37. e7 Bd7 38. Bxd5 Re8 39. Be4 Kg8
40. Bd5+ Kh8 41. Qe4 Bxb2 42. Bf7 Rc8 43. e8=Q+ Bxe8 44. Bxe8 Be5 45. Bc6 Rf8
46. g3 Kg7 47. h5 Rf6 48. Be8 Kf8 49. Bg6 b4 50. f4 Bc3 51. g4 Bd2 52. Qe8+ Kg7
53. Qe7+ 1-0

[Event "Ann Arbor (HVA/2/9)"]
[Site "?"]
[Date "1993.??.??"]
[Round "?"]
[White "Davis, Michael"]
[Black "Gregory, Kevin"]
[Result "0-1"]
[WhiteElo "1605"]
[BlackElo "1815"]
[PlyCount "70"]
[EventDate "1993.??.??"]

{2/(9)} 1. e4 c5 2. Nc3 d6 3. f4 Nc6 4. Nf3 Nf6 5. Bc4 a6 6. a4 Bg4 7. h3 Bxf3
8. Qxf3 Nd4 9. Qd1 e6 10. O-O Be7 11. d3 O-O 12. Ne2 d5 13. Nxd4 dxc4 14. Nf3
cxd3 15. cxd3 Qc7 16. Be3 Rfd8 17. Rc1 Qd7 18. Ne5 Qe8 19. Bxc5 Nxe4 20. Bxe7
Qxe7 21. Qc2 Ng3 22. Rf3 Nf5 23. Qc7 Qxc7 24. Rxc7 f6 25. Nd7 b5 26. b3 Rac8
27. Ra7 bxa4 28. bxa4 Rc6 29. a5 Rc1+ 30. Rf1 Rc3 31. Nb6 Rcxd3 32. Rxa6 Ra3
33. Rc1 Nd4 34. Rc7 Ra2 35. Raa7 Nf3+ 0-1

[Event "East Lansing (MOR/7/17)"]
[Site "?"]
[Date "1993.??.??"]
[Round "?"]
[White "Davis, Michael"]
[Black "Etienne, T."]
[Result "1/2-1/2"]
[WhiteElo "1605"]
[BlackElo "1605"]
[PlyCount "48"]
[EventDate "1993.??.??"]

{7/(17)} 1. e4 c6 2. d4 d5 3. e5 Bf5 4. Ne2 e6 5. Ng3 Ne7 6. Bg5 Bg6 7. h4 h6
8. h5 hxg5 9. hxg6 Nxg6 10. Rxh8 Nxh8 11. Nd2 Ng6 12. Nh5 Nd7 13. Bd3 Nf4 14.
Nxf4 gxf4 15. Qg4 g5 16. Nf3 Be7 17. Ke2 Qb6 18. b3 O-O-O 19. Rh1 c5 20. Rh7 f5
21. Bxf5 exf5 22. Qxf5 Rf8 23. Qg4 Re8 24. Qf5 Rf8 1/2-1/2

[Event "East Lansing (MOR/5/10)"]
[Site "?"]
[Date "1993.??.??"]
[Round "?"]
[White "Davis, Michael"]
[Black "Collins, Charles"]
[Result "0-1"]
[WhiteElo "1605"]
[BlackElo "1700"]
[PlyCount "132"]
[EventDate "1993.??.??"]

{5/(10)} 1. e4 Nf6 2. e5 Nd5 3. Nc3 e6 4. Nxd5 exd5 5. d4 d6 6. Nf3 dxe5 7.
dxe5 Be7 8. Bf4 c5 9. c3 O-O 10. Bd3 Nc6 11. Qc2 g6 12. h4 c4 13. Be2 Bf5 14.
Qd2 f6 15. h5 fxe5 16. Nxe5 Nxe5 17. Bxe5 Bf6 18. Bf4 g5 19. Be3 h6 20. g4 Be6
21. O-O-O Qe7 22. Rdf1 b5 23. Bd4 Bxd4 24. Qxd4 Qf6 25. Qd2 Qf4 26. f3 a5 27.
Rd1 b4 28. Qxf4 Rxf4 29. Kc2 Kg7 30. Rd2 bxc3 31. Kxc3 d4+ 32. Rxd4 Rxd4 33.
Kxd4 Rb8 34. Kc3 Kf6 35. Re1 a4 36. Bd1 Ra8 37. a3 Bd5 38. Re3 Ra6 39. Kb4 Rb6+
40. Kc5 Rxb2 41. Bxa4 Rd2 42. Bb5 Rd3 43. Re2 Bxf3 44. Rf2 Ke5 45. Kxc4 Rxa3
46. Bd7 Re3 47. Bf5 Bxg4 48. Bxg4 Re4+ 49. Kd3 Rxg4 50. Ke3 Re4+ 51. Kd3 Rf4
52. Re2+ Kf5 53. Rg2 g4 54. Ke3 Rf3+ 55. Ke2 Kf4 56. Rg1 g3 57. Ra1 Rf2+ 58.
Ke1 Kf3 59. Ra3+ Kg2 60. Ra6 Kg1 61. Ra4 Rh2 62. Rg4 g2 63. Ke2 Kh1 64. Kf3
g1=Q 65. Rxg1+ Kxg1 66. Kf4 Rxh5 0-1

[Event "East Lansing (MOR/3/29)"]
[Site "?"]
[Date "1993.??.??"]
[Round "?"]
[White "Davis, Michael"]
[Black "Beydoun, M."]
[Result "1-0"]
[WhiteElo "1605"]
[BlackElo "1605"]
[PlyCount "49"]
[EventDate "1993.??.??"]

{3/(29)} 1. e4 c5 2. Nc3 d6 3. f4 Nc6 4. Nf3 e6 5. Bc4 a6 6. a4 Nd4 7. O-O Nf6
8. d3 e5 9. Ne2 Bg4 10. Nexd4 cxd4 11. h3 Bxf3 12. Qxf3 Qc7 13. b4 Be7 14. fxe5
dxe5 15. Bd2 O-O 16. g4 Ne8 17. g5 Nd6 18. Bb3 Rac8 19. h4 Kh8 20. Qh3 f6 21.
Rac1 fxg5 22. hxg5 Rce8 23. g6 h6 24. Bxh6 Qc8 25. Bxg7+ 1-0

[Event "Eastpointe (EDO/4/5)"]
[Site "?"]
[Date "1993.??.??"]
[Round "?"]
[White "Dangremond, Leonard"]
[Black "Ward, Tim"]
[Result "1-0"]
[WhiteElo "2025"]
[BlackElo "1885"]
[PlyCount "37"]
[EventDate "1993.??.??"]

{4/(5)} 1. e4 e6 2. d4 d5 3. Nd2 dxe4 4. Nxe4 Nd7 5. Nf3 Ngf6 6. Bd3 Nxe4 7.
Bxe4 Nf6 8. Bd3 c5 9. c3 cxd4 10. Nxd4 Bc5 11. Be3 Qe7 12. O-O O-O 13. Re1 Nd5
14. Qh5 Nf6 15. Qh4 Bxd4 16. Bxh7+ Kh8 17. Bxd4 Ng8 18. Qh5 Nh6 19. Qxh6 1-0

[Event "Flint (Class A/1)"]
[Site "?"]
[Date "1993.??.??"]
[Round "?"]
[White "Dangremond, Leonard"]
[Black "Steverson, Bunnard"]
[Result "1-0"]
[WhiteElo "1955"]
[BlackElo "1895"]
[PlyCount "77"]
[EventDate "1993.??.??"]

1. e4 e6 2. d4 d5 3. Nd2 c5 4. exd5 Qxd5 5. Ngf3 cxd4 6. Bc4 Qd8 7. O-O a6 8.
Nb3 b5 9. Bd3 Bb7 10. Nbxd4 Bc5 11. Re1 Nf6 12. Be3 Be7 13. Qe2 O-O 14. Rad1
Qc7 15. Bg5 Re8 16. Nxe6 fxe6 17. Qxe6+ Kf8 18. Bxf6 gxf6 19. Bxh7 Kg7 20. Qg4+
Kxh7 21. Qh5+ Kg7 22. Qxe8 Nc6 23. Qd7 Rc8 24. Qe6 Rd8 25. Rxd8 Qxd8 26. Nh4
Ne5 27. Nf5+ Kf8 28. Nxe7 Kg7 29. Nf5+ Kf8 30. Qd6+ Qxd6 31. Nxd6 Bd5 32. f4
Ng6 33. g3 Ne7 34. Kf2 Bxa2 35. b3 Nd5 36. Ke2 b4 37. Kd3 a5 38. Ra1 Nc3 39.
Ne4 1-0

[Event "Flint (Class A/5)"]
[Site "?"]
[Date "1993.??.??"]
[Round "?"]
[White "Dangremond, Leonard"]
[Black "Smith, Mike A"]
[Result "1-0"]
[WhiteElo "1955"]
[BlackElo "1860"]
[PlyCount "81"]
[EventDate "1993.??.??"]

1. e4 c5 2. Nf3 d6 3. d4 cxd4 4. Nxd4 Nf6 5. Nc3 a6 6. Bc4 e6 7. Bb3 b5 8. a3
Bb7 9. O-O Nbd7 10. Bxe6 fxe6 11. Nxe6 Qb6 12. Nd5 Bxd5 13. exd5 Nc5 14. Be3
Qb7 15. Bxc5 dxc5 16. Qf3 h6 17. Qf5 Kf7 18. Nf4 Qd7 19. Qe6+ Qxe6 20. dxe6+
Ke8 21. Ng6 Rg8 22. e7 Bxe7 23. Rfe1 Ra7 24. Re2 Nd5 25. Rd1 Nb6 26. Rd6 Nc8
27. Rc6 Kf7 28. Ne5+ Ke8 29. Rxc8+ Bd8 30. Nc6+ Kd7 31. Nxa7 Rf8 32. Rd2+ Ke7
33. Rcxd8 Rf5 34. Nc6+ Kf6 35. Rf8+ Kg5 36. h4+ Kg6 37. Ne7+ Kh7 38. Nxf5 c4
39. h5 a5 40. Rd7 b4 41. Rxg7# 1-0